Commission plans the free movement of services. (Record no. 61520)
[ view plain ]
| 000 -LEADER | |
|---|---|
| fixed length control field | 01011cam a2200169 4500 |
| 001 - CONTROL NUMBER | |
| control field | WB3523-21 |
| 008 - FIXED-LENGTH DATA ELEMENTS--GENERAL INFORMATION | |
| fixed length control field | 000000n1999 000 0 eng u |
| 035 ## - SYSTEM CONTROL NUMBER | |
| System control number | (Sirsi) u102511 |
| 245 ## - TITLE STATEMENT | |
| Title | Commission plans the free movement of services. |
| 260 ## - PUBLICATION, DISTRIBUTION, ETC. | |
| Date of publication, distribution, etc. | 1999 |
| 490 ## - SERIES STATEMENT | |
| Series statement | CSM |
| -- | Chartered Surveyor Monthly |
| Volume/sequential designation | 8(10) June 1999, 15(1) |
| 520 ## - SUMMARY, ETC. | |
| Summary, etc. | The EU Commission has put forward two proposals for directives on the free movement of services in the internal market. The first proposal gives the right of businesses in the EU to provide services in another member state using non-EU staff. The second covers self-employed workers from non-EU countries who are based in the EU. The proposals main provision provides for the introduction of EU 'service provision cards' allowing foreign nationals freedom to work abroad. Copies of the draft directive are available from Jill Craig in the Brussels Office: 00 32 2 230 14 49. |
| 650 ## - SUBJECT ADDED ENTRY--TOPICAL TERM | |
| Topical term or geographic name entry element | EMPLOYMENT LAW |
| 650 ## - SUBJECT ADDED ENTRY--TOPICAL TERM | |
| Topical term or geographic name entry element | BUSINESS LAW |
| 690 ## - LOCAL SUBJECT ADDED ENTRY--TOPICAL TERM (OCLC, RLIN) | |
| Topical term or geographic name as entry element | EUROPE |
| 942 ## - ADDED ENTRY ELEMENTS (KOHA) | |
| Suppress in OPAC | 0 |
| Withdrawn status | Lost status | Source of classification or shelving scheme | Damaged status | Not for loan | Home library | Current library | Shelving location | Date acquired | Total Checkouts | Full call number | Barcode | Date last seen | Copy number | Price effective from | Koha item type |
|---|---|---|---|---|---|---|---|---|---|---|---|---|---|---|---|
| Dewey Decimal Classification | London | London | News article | 22/11/1999 | WB3523-21 | 102511-1001 | 06/08/2019 | 1 | 06/08/2019 | News article |